Úspešný víkend Pezinčaniek extraliga volejbalistiek - 7. a 8. kolo: Žilinčanky sú už posledné s odstupom

Podrobná bibliografia
Médium: Článok
Jazyk:slovenčina
Fyzický popis:Fotogr., tab.
ISSN:0139-7001
Predmet:
On-line prístup:http://denniksport.sk/article/153208/uspesny-vikend-pezincaniek

MARC

LEADER 00000nab a2200000 ar4500
001 vtls010190633
003 SK-MaSNL
005 20260303192754.0
008 101122c20101108xo |||||||||||000 b|slo
015 |a SNBRB2010/11  |2 snkbucl 
038 |a SNKBUCL 
040 |a SNKBUCL  |b slo  |c SNKBUCL  |e AACR2 
041 0 |a slo 
044 |a xo  |c SK 
080 |a 796.325.093.1  |2 2001 
245 0 0 |a Úspešný víkend Pezinčaniek  |b extraliga volejbalistiek - 7. a 8. kolo: Žilinčanky sú už posledné s odstupom 
300 |b Fotogr., tab. 
648 7 |a sezóna 2010/2011  |2 snkbucl  |9 1038786 
650 0 7 |a volejbal  |2 snkbucl  |9 3294 
650 0 7 |a extraliga  |2 snkbucl  |9 18992 
650 0 7 |a 7. a 8. kolo  |2 snkbucl  |9 1223020 
650 0 7 |a ženy  |2 snkbucl  |9 4865 
773 0 |t Šport  |g Roč. 64, č. 257 (8.11.2010), s. 39  |x 0139-7001 
852 |a SNK  |b KIS3GCP 
856 4 1 |u http://denniksport.sk/article/153208/uspesny-vikend-pezincaniek 
999 |c 2148653  |d 2150583